| 000 | 00982nam a2200289 i 4500 | ||
|---|---|---|---|
| 003 | DO-SdBNP | ||
| 005 | 20250401135741.0 | ||
| 007 | ta | ||
| 008 | 240718b2013 dr a|||| |||| 00| 0 spa d | ||
| 020 | _a9789945498059 | ||
| 040 |
_aDO-SdBNP _bspa _cBNPHU _erda |
||
| 082 | 4 | _222 | |
| 100 | 1 |
_aChaljub Mejía, Rafael _d1942- _eautor _918985 |
|
| 245 | 1 | 0 |
_aManolo : _bcincuenta años después _cRafael Chaljub Mejía ; correctores, Edison Ñúñez, Felipe Ciprián |
| 264 |
_aSanto Domingo : _bUniversitaria-UASD,, _c2013. |
||
| 300 |
_a291 páginas : _bilustraciones ; _c23 cm. |
||
| 336 |
_2rdacontent _atexto _btxt |
||
| 337 |
_2rdamedia _asin mediación _bn |
||
| 338 |
_2rdacarrier _avolumen _bnc |
||
| 490 |
_aUniversidad Autónoma de Santo Domingo _v1572 |
||
| 490 |
_aHistoria y Sociedad _v108 |
||
| 590 | _aInventariado, 2024/BT | ||
| 700 | 1 |
_aNúñez, Edison, _ecorrector _913699 |
|
| 700 | 1 |
_aCiprián, Felipe, _ecorrector _986138 |
|
| 910 | _aBtavárez | ||
| 942 |
_2ddc _cLBS1 |
||
| 999 |
_c57316 _d57316 |
||